LEADER 01117nam a2200241 i 4500 001 000000226977 003 CaOOAMICUS 005 20140211000000.0 008 140211s1754 it u000 u lat u 013 $a205879 026 $aamno o-u- s.es buta (C) 1754 (R) 040 $aSeMil$bita 245 10$aTomus 2. 300 $a[2], 551-700, 1-20, 701-1128, 150, [2] p. 500 $aSegn. : pg2 7A-15C2. - Fondo Card. C.M. Martini. 773 0 $aArcidiocesi di Milano$tActa Ecclesiae Mediolanensis a S. Carolo cardinali S. Praxedis archiepiscopo condita, Federici card. Borromaei archiepiscopi Mediolani jussu undique diligentius collecta, & postrema hac editione aucta.$dPatavii : Typis seminarii, apud Joannem Manfrč, 1754.$g2$w()29432 850 $aSeMil 852 $aSeMil$W1$xVenegono$y1$m3G VI 26 FA$j177323$B177323$CSeMilBibl$Z2$F188119 $8I 852 $aSeMil$W1$xVenegono$y1$m3G VIII 12 FA$j200770$B200770$CSeMilBibl$Z2$F212493 $8I 941 1 $a4 961 $aOmaggio: Martini Card. Carlo Maria 961 $aLascito: Martini Card. Carlo Maria 996 $6245$aTomus 2$9(OLS)http://semarc/title/93022 LEADER 01357nas a2200253 i 4500 001 000000206477 003 CaOOAMICUS 005 20111107000000.0 008 111004b2011 it uu u0 0mul r 013 $a185246 040 $aSeMil$bita 245 10$aUnitą e pluralitą del vero :$bfilosofie, religioni, culture /$ca cura di Luigi Alici. 260 $aPisa ;$aRoma :$bFabrizio Serra,$c2011. 300 $a197 p. ;$c25 cm. 500 $aAtti del Convegno del Centro Studi Filosofici di Gallarate, 23-25 settembre 2010. - Numerazione errata sul front. e in copertina : 78. [i.e. 79.]. 700 1 $aAlici, Luigi,$d<1950- >.$0(OLS)http://semarc/name/309 700 1 $aFondazione Centro Studi Filosofici di Gallarate : Convegno di Gallarate «Unitą e pluralitą del vero : filosofie, religioni, culture» <65. ; 2010>.$0(OLS)http://semarc/name/74234 773 0 $tArchivio di Filosofia.$dRoma : [s.n.], 1931.$x0004-0088$w()1907 774 0 $t[vedi periodico].$w()276097 850 $aSeMil 852 $aSeMil$W1$xVenegono$y1$m199 3 25$j156960$B156960$CSeMilBibl$Z2$F169527 $85 961 $aAbbonamento: Accademia Editoriale 996 $6245$aUnitą e pluralitą del vero :$bfilosofie, religioni, culture$9(OLS)http://semarc/title/298668 996 $6260$aPisa ;$aRoma :$bFabrizio Serra$9(OLS)http://semarc/publisher/34314